[Event "Junior Online 4NCL Division 3"]
[Site "online"]
[Date "2020.04.30"]
[Round "3.35"]
[White "Ray, Hiya"]
[Black "Jayawarna, Tarini"]
[Result "1-0"]
[WhiteElo "1823"]
[BlackElo "1652"]
[PlyCount "53"]
[EventDate "2020.04.30"]
[WhiteTeam "St John's College A"]
[BlackTeam "Manchester Juniors A"]

1. d4 Nf6 2. Nf3 g6 3. c4 Bg7 4. g3 O-O 5. Bg2 d6 6. O-O Nc6 7. Nc3 Rb8 8. e4
a6 9. d5 Na5 10. Qe2 b5 11. cxb5 axb5 12. Nxb5 Ba6 13. a4 Qd7 14. Nfd4 Nxd5 15.
exd5 Bxd4 16. Bh6 Rfe8 17. Rfd1 Bxb5 18. axb5 Nb3 19. Ra3 Rxb5 20. Bh3 e6 21.
dxe6 fxe6 22. Rxb3 Bxf2+ 23. Qxf2 Rxb3 24. Rf1 Rbb8 25. Qf6 c6 26. Bxe6+ Qxe6
27. Qg7# 1-0

[Event "Junior Online 4NCL Division 3"]
[Site "online"]
[Date "2020.04.30"]
[Round "3.36"]
[White "Jayawarna, Thisumi"]
[Black "Choudhury, Anish"]
[Result "1-0"]
[WhiteElo "1562"]
[BlackElo "1448"]
[PlyCount "73"]
[EventDate "2020.04.30"]
[WhiteTeam "Manchester Juniors A"]
[BlackTeam "St John's College A"]

1. e4 e6 2. d4 d5 3. e5 c5 4. c3 Nc6 5. Nf3 Qb6 6. a3 Bd7 7. b4 cxd4 8. cxd4
Nge7 9. Bb2 Nf5 10. Be2 a5 11. b5 Na7 12. a4 Bb4+ 13. Nbd2 O-O 14. O-O f6 15.
exf6 Rxf6 16. Ne5 Be8 17. Ndf3 Bd6 18. Rc1 Bh5 19. Nd7 Qd8 20. Nxf6+ Qxf6 21.
Re1 Qh6 22. h3 Rf8 23. Qd2 Bf4 24. Qxa5 Bxc1 25. Bxc1 Qg6 26. Ne5 Qe8 27. Qxa7
Bxe2 28. Rxe2 Qe7 29. Qc5 Qd8 30. Rc2 b6 31. Qc3 Qd6 32. Qc6 Qb8 33. Qxe6+ Rf7
34. Qxf7+ Kh8 35. Qxf5 Qg8 36. Rc8 Qxc8 37. Qxc8# 1-0

[Event "Junior Online 4NCL Division 3"]
[Site "online"]
[Date "2020.04.30"]
[Round "3.38"]
[White "Eccleston, Bryony"]
[Black "Nukalapati, Sarthak"]
[Result "0-1"]
[WhiteElo "1390"]
[BlackElo "1322"]
[PlyCount "150"]
[EventDate "2020.04.30"]
[WhiteTeam "Manchester Juniors A"]
[BlackTeam "St John's College A"]

1. d4 d5 2. Bf4 Nf6 3. Nf3 e6 4. e3 Bd6 5. Bg3 O-O 6. Be2 c5 7. c3 cxd4 8. cxd4
Bb4+ 9. Nbd2 Nc6 10. Rc1 Ne4 11. O-O Bd7 12. Nxe4 dxe4 13. Ne5 Qc8 14. Qa4 Be7
15. Bb5 a6 16. Bxc6 Bxc6 17. Nxc6 bxc6 18. Qxc6 Qxc6 19. Rxc6 Rfc8 20. Rfc1
Rxc6 21. Rxc6 a5 22. Kf1 h6 23. Ke2 Bf6 24. f3 exf3+ 25. Kxf3 Kh7 26. Rc5 a4
27. Be1 a3 28. bxa3 Rxa3 29. Ra5 Rd3 30. Ke4 Rd1 31. Bc3 Rg1 32. Kf3 Rc1 33.
Bb4 g5 34. Ra7 Kg6 35. Ra5 h5 36. Rc5 Ra1 37. Ra5 Rh1 38. h3 Rd1 39. a4 Rd3 40.
Ke4 Rb3 41. Bc5 Bg7 42. Ra8 f5+ 43. Kf3 g4+ 44. hxg4 hxg4+ 45. Kf4 Bh6+ 46. Ke5
Rxe3+ 47. Kd6 Bf4+ 48. Ke7 e5 49. Rg8+ Kh5 50. Rh8+ Bh6 51. Kf7 exd4 52. Bxd4
Re4 53. Bg7 Kh4 54. Rxh6+ Kg3 55. a5 Ra4 56. Ra6 Kxg2 57. Kf6 f4 58. Kg5 g3 59.
Rf6 f3 60. a6 f2 61. Rf4 Rxf4 62. Kxf4 f1=Q+ 63. Kg5 Qxa6 64. Kh4 Kf2 65. Kg4
g2 66. Bd4+ Ke2 67. Kg3 Kf1 68. Kf3 Qd3+ 69. Kf4 Qxd4+ 70. Kf3 Qd3+ 71. Kf4
g1=Q 72. Ke5 Qde3+ 73. Kf5 Qgf2+ 74. Kg6 Qeg3+ 75. Kh7 Qfh2# 0-1

[Event "Junior Online 4NCL Division 3"]
[Site "online"]
[Date "2020.04.30"]
[Round "3.41"]
[White "Parnes, Shira"]
[Black "Brightley-Davies, Ciaran"]
[Result "0-1"]
[WhiteElo "1525"]
[BlackElo "1637"]
[PlyCount "162"]
[EventDate "2020.04.30"]
[WhiteTeam "Ojays D"]
[BlackTeam "KJCA Young Kestrels C"]

1. e4 e6 2. d4 d5 3. exd5 exd5 4. Nf3 Bd6 5. Nc3 c6 6. Bd3 Nf6 7. h3 O-O 8. O-O
h6 9. Be3 Be6 10. Qd2 Nbd7 11. Bxh6 gxh6 12. Qxh6 Re8 13. Qg5+ Kf8 14. Nh2
Bxh2+ 15. Kxh2 Qc7+ 16. Kg1 Ke7 17. Ne2 Rg8 18. Qe3 Rae8 19. Nf4 Kd8 20. Nxe6+
Rxe6 21. Qd2 Ne4 22. Bxe4 Rxe4 23. Rfe1 Qf4 24. Qxf4 Rxf4 25. c3 Nf6 26. f3
Rxf3 27. Rf1 Rxf1+ 28. Rxf1 Rg6 29. Rf2 Ke7 30. Kh2 Ne4 31. Rf4 Rf6 32. Rxf6
Kxf6 33. Kg1 Nd2 34. Kf2 Nc4 35. b3 Nd6 36. Ke3 b5 37. g4 Kg5 38. Kf3 a5 39.
Ke3 Ne8 40. Kf3 Nc7 41. Kg3 Ne6 42. h4+ Kg6 43. h5+ Kg5 44. Kf3 f5 45. h6 fxg4+
46. Kg3 Kxh6 47. Kxg4 Kg6 48. a3 Kf6 49. Kf3 Kf5 50. Ke3 Nc7 51. b4 a4 52. Kd3
Kf4 53. Kd2 Ke4 54. Ke2 Ne6 55. Kd2 Kf3 56. Kd3 Nf4+ 57. Kd2 Kf2 58. Kd1 Ke3
59. Kc2 Ke2 60. Kb1 Kd3 61. Kb2 Ne2 62. Ka2 Nxc3+ 63. Kb2 Kxd4 64. Kc1 Ne4 65.
Kc2 Kc4 66. Kb2 d4 67. Kc2 d3+ 68. Kd1 d2 69. Kc2 Kd4 70. Kd1 Kc3 71. Ke2 Kc2
72. Ke3 d1=Q 73. Kxe4 Kc3 74. Ke5 Qd4+ 75. Kf5 Qe3 76. Kg6 Qf3 77. Kg5 Kd4 78.
Kg6 Ke5 79. Kh7 Qg4 80. Kh8 Kf6 81. Kh7 Qg7# 0-1

[Event "Junior Online 4NCL Division 3"]
[Site "online"]
[Date "2020.04.30"]
[Round "3.42"]
[White "Mehta, Shaurya"]
[Black "Domingo, Marco"]
[Result "1-0"]
[WhiteElo "1615"]
[BlackElo "1547"]
[PlyCount "89"]
[EventDate "2020.04.30"]
[WhiteTeam "KJCA Young Kestrels C"]
[BlackTeam "Ojays D"]

1. e4 e6 2. d4 d5 3. exd5 exd5 4. c4 c6 5. Nc3 Nf6 6. Bg5 Be7 7. cxd5 cxd5 8.
Nf3 Nc6 9. h3 O-O 10. Bd3 Qb6 11. O-O Qxb2 12. Bxf6 Bxf6 13. Nxd5 Nxd4 14. Rb1
Nxf3+ 15. Qxf3 Qe5 16. Rfe1 Qg5 17. Nxf6+ Qxf6 18. Qxf6 gxf6 19. Rb4 b6 20. Re3
Bb7 21. Rh4 Rfd8 22. Rg3+ Kf8 23. Rxh7 Rac8 24. Rh8+ Ke7 25. Re3+ Kd7 26. Bf5+
Kc7 27. Re7+ Kb8 28. Bxc8 Rxc8 29. Rxc8+ Kxc8 30. Rxf7 Kd8 31. Rxf6 Ke7 32. Rf4
Bd5 33. a3 a5 34. h4 a4 35. h5 b5 36. h6 Bc4 37. h7 Ke6 38. h8=Q Kd7 39. Qd4+
Kc6 40. Rf6+ Kc7 41. Qc5+ Kd7 42. Qd6+ Kc8 43. Rf8+ Kb7 44. Rb8+ Ka7 45. Qb6#
1-0

[Event "Junior Online 4NCL Division 3"]
[Site "online"]
[Date "2020.04.30"]
[Round "3.43"]
[White "Amoako, Selikem PJ"]
[Black "Wang, Yong Gui"]
[Result "1/2-1/2"]
[WhiteElo "1480"]
[BlackElo "1600"]
[PlyCount "70"]
[EventDate "2020.04.30"]
[WhiteTeam "Ojays D"]
[BlackTeam "KJCA Young Kestrels C"]

1. e4 e6 2. Nf3 d5 3. exd5 exd5 4. d4 Nf6 5. Nc3 Bb4 6. Bd2 O-O 7. Be2 c6 8.
O-O Nbd7 9. Re1 b6 10. a3 Bd6 11. Bd3 c5 12. Ne2 Re8 13. c3 Bb7 14. Bf4 Qc7 15.
Bxd6 Qxd6 16. Ng3 c4 17. Bc2 b5 18. Nf5 Qb6 19. Qd2 g6 20. Ng3 Re6 21. Ng5
Rxe1+ 22. Rxe1 Re8 23. Rxe8+ Nxe8 24. Qe3 Ndf6 25. Qe7 Qc7 26. Qxc7 Nxc7 27.
Kf1 Kg7 28. Ke2 Bc8 29. h3 Ne6 30. Nxe6+ Bxe6 31. Kf3 Kh6 32. Kf4 Nd7 33. a4 a6
34. axb5 axb5 35. Nf1 f6 1/2-1/2

[Event "Junior Online 4NCL Division 3"]
[Site "online"]
[Date "2020.04.30"]
[Round "3.44"]
[White "Oprea, Danny"]
[Black "Byrom, Harris"]
[Result "1-0"]
[WhiteElo "1630"]
[BlackElo "1457"]
[PlyCount "117"]
[EventDate "2020.04.30"]
[WhiteTeam "KJCA Young Kestrels C"]
[BlackTeam "Ojays D"]

1. c4 e5 2. g3 Nc6 3. Bg2 Nf6 4. Nc3 Bc5 5. e3 d6 6. h3 Be6 7. b3 d5 8. cxd5
Nxd5 9. Bb2 Nxc3 10. Bxc3 Bd5 11. e4 Be6 12. Ne2 Qd7 13. h4 O-O-O 14. O-O Bg4
15. Qe1 h6 16. Rc1 b6 17. Bb2 g5 18. h5 Bxh5 19. Kh2 Bg4 20. f4 f6 21. Nc3 Qxd2
22. Ba1 h5 23. Nd5 Qxe1 24. Rcxe1 h4 25. fxe5 fxe5 26. Rf6 Bd7 27. Bb2 hxg3+
28. Kxg3 Rhf8 29. Rxf8 Rxf8 30. Rf1 Rxf1 31. Bxf1 g4 32. Bb5 Kb7 33. Bxc6+ Bxc6
34. Bxe5 Bd7 35. Bxc7 Be3 36. Be5 Bd2 37. Nf6 Be1+ 38. Kf4 Bd2+ 39. Kg3 Be1+
40. Kg2 Bc6 41. Bg3 Bxg3 42. Kxg3 a5 43. Kxg4 b5 44. Kf5 a4 45. bxa4 bxa4 46.
a3 Kb6 47. e5 Kb5 48. e6 Kc4 49. Nd7 Bd5 50. Nb6+ Kb3 51. Nxd5 Kxa3 52. e7 Kb2
53. e8=Q a3 54. Qb5+ Kc2 55. Qa4+ Kb2 56. Nb4 Ka1 57. Qxa3+ Kb1 58. Qa2+ Kc1
59. Qc2# 1-0

[Event "Junior Online 4NCL Division 3"]
[Site "online"]
[Date "2020.04.30"]
[Round "3.45"]
[White "Brightley-Davies, Ciaran"]
[Black "Parnes, Shira"]
[Result "0-1"]
[WhiteElo "1637"]
[BlackElo "1525"]
[PlyCount "92"]
[EventDate "2020.04.30"]
[WhiteTeam "KJCA Young Kestrels C"]
[BlackTeam "Ojays D"]

1. e4 e5 2. Nf3 Nc6 3. d4 exd4 4. Nxd4 Nxd4 5. Qxd4 d6 6. Bc4 Nf6 7. Bg5 Be7 8.
O-O O-O 9. Nc3 h6 10. Bh4 Be6 11. Bxe6 fxe6 12. e5 Nd7 13. Bxe7 Qxe7 14. exd6
cxd6 15. Rfe1 e5 16. Qd5+ Qf7 17. Qxd6 Qxf2+ 18. Kh1 Rad8 19. Qd5+ Kh8 20. Qxb7
Qxc2 21. Rad1 Qf2 22. Ne4 Qf7 23. Qxa7 Qe6 24. Rf1 Qc4 25. Ng3 Nc5 26. Rxd8
Rxd8 27. Qc7 Re8 28. b3 Qd5 29. Ne2 e4 30. Nc3 Qd3 31. Rd1 Qxc3 32. Qc6 Rf8 33.
Qd5 Qc2 34. Rg1 Nd3 35. h3 Nf2+ 36. Kh2 Qc7+ 37. g3 Qc2 38. Rg2 e3 39. Qe5 e2
40. a4 Qd2 41. Rg1 Nd3 42. Qe7 e1=Q+ 43. Rg2 Qxg2+ 44. Kxg2 Qxe7 45. Kg1 Qe2
46. g4 Rf1# 0-1

[Event "Junior Online 4NCL Division 3"]
[Site "online"]
[Date "2020.04.30"]
[Round "3.46"]
[White "Domingo, Marco"]
[Black "Mehta, Shaurya"]
[Result "0-1"]
[WhiteElo "1547"]
[BlackElo "1615"]
[PlyCount "92"]
[EventDate "2020.04.30"]
[WhiteTeam "Ojays D"]
[BlackTeam "KJCA Young Kestrels C"]

1. e4 e5 2. Nf3 Nc6 3. Bc4 Bc5 4. O-O Nf6 5. Nc3 d6 6. h3 O-O 7. d3 h6 8. Be3
Bxe3 9. fxe3 Bd7 10. d4 exd4 11. exd4 Na5 12. Bd3 c6 13. Qd2 b5 14. Qe2 Qb6 15.
b4 Nb7 16. a3 Rfe8 17. Qf2 Re7 18. Rae1 Rae8 19. Qg3 a5 20. Kh1 Qc7 21. e5 dxe5
22. dxe5 axb4 23. exf6 Qxg3 24. Rxe7 gxf6 25. Rxd7 Nd6 26. axb4 Re6 27. Nd4 Re1
28. Rxe1 Qxe1+ 29. Kh2 Qe5+ 30. Kh1 Qxd4 31. Ne2 Qa1+ 32. Kh2 Qe5+ 33. Ng3 h5
34. h4 f5 35. Kh3 f4 36. Nh1 Qe6+ 37. Kh2 Qxd7 38. Nf2 Nc4 39. Nh3 Qd4 40. Kh1
Nb2 41. Bf5 Nd1 42. Kh2 Nf2 43. Nxf2 Qxf2 44. Bd3 f3 45. Bh7+ Kxh7 46. Kh3
Qxg2# 0-1

[Event "Junior Online 4NCL Division 3"]
[Site "online"]
[Date "2020.04.30"]
[Round "3.47"]
[White "Wang, Yong Gui"]
[Black "Amoako, Selikem PJ"]
[Result "0-1"]
[WhiteElo "1600"]
[BlackElo "1480"]
[PlyCount "78"]
[EventDate "2020.04.30"]
[WhiteTeam "KJCA Young Kestrels C"]
[BlackTeam "Ojays D"]

1. e4 Nf6 2. e5 Nd5 3. c4 Nb6 4. d4 d5 5. c5 N6d7 6. Nc3 e6 7. f4 b6 8. b4 a5
9. bxa5 bxc5 10. Nge2 cxd4 11. Nxd4 Bb4 12. Bd2 Bxa5 13. Qg4 O-O 14. f5 Nxe5
15. Qg3 exf5 16. Be2 Nc4 17. Bxc4 dxc4 18. Ndb5 Qe7+ 19. Kd1 Rd8 20. Re1 Qd7
21. Qe3 Bb6 22. Qe2 c6 23. Nd4 Bxd4 24. Kc2 Bxc3 25. Bxc3 Qd3+ 26. Kb2 Qxe2+
27. Rxe2 Be6 28. Rae1 Na6 29. Re3 Nc5 30. Kc2 Rxa2+ 31. Kb1 Rxg2 32. Ba5 Rd3
33. Re5 Rb3+ 34. Ka1 Nd3 35. Rd1 h6 36. Bd2 Nxe5 37. Ka2 Rd3 38. Rb1 Rgxd2+ 39.
Ka1 Ra3# 0-1

[Event "Junior Online 4NCL Division 3"]
[Site "online"]
[Date "2020.04.30"]
[Round "3.48"]
[White "Byrom, Harris"]
[Black "Oprea, Danny"]
[Result "0-1"]
[WhiteElo "1457"]
[BlackElo "1630"]
[PlyCount "90"]
[EventDate "2020.04.30"]
[WhiteTeam "Ojays D"]
[BlackTeam "KJCA Young Kestrels C"]

1. d4 d5 2. c4 e6 3. Nf3 Nf6 4. Nc3 Be7 5. Bf4 a6 6. e3 O-O 7. Bd3 Nbd7 8. h4
b6 9. Ne5 c5 10. g4 Nxe5 11. Bxe5 Nd7 12. g5 Nxe5 13. dxe5 dxc4 14. Bxc4 Qxd1+
15. Rxd1 Bb7 16. Rh3 Rad8 17. Bd3 g6 18. f4 Rd7 19. h5 Rfd8 20. Ke2 b5 21. b3
b4 22. hxg6 fxg6 23. e4 bxc3 24. Rdh1 Bf8 25. f5 exf5 26. Bc4+ Kh8 27. Bd5 fxe4
28. e6 Re7 29. Bxb7 Rxb7 30. e7 Rxe7 31. Rh4 Rf7 32. Rxe4 Re7 33. Rxe7 Bxe7 34.
Re1 Bxg5 35. Kf3 Kg7 36. Rg1 Bf6 37. Rg4 c2 38. Rc4 Rd2 39. Rxc5 Bg5 40. Rc7+
Kh6 41. Rc3 Rh2 42. Kg4 c1=Q 43. Rh3+ Rxh3 44. Kxh3 Qg1 45. a4 Bf4 0-1

[Event "Junior Online 4NCL Division 3"]
[Site "online"]
[Date "2020.04.30"]
[Round "3.51"]
[White "Hurst, Joseph"]
[Black "Postans, Harrison"]
[Result "1-0"]
[WhiteElo "1645"]
[BlackElo "1620"]
[PlyCount "149"]
[EventDate "2020.04.30"]
[WhiteTeam "Robin Hoods 1"]
[BlackTeam "EPR Paradox"]

1. e4 e5 2. Nf3 Nc6 3. Bb5 a6 4. Ba4 b5 5. Bb3 Bc5 6. Qe2 Nf6 7. O-O d6 8. c3
Bg4 9. h3 Bh5 10. d3 Qe7 11. Nbd2 O-O 12. Re1 Rad8 13. Nf1 h6 14. Ng3 Bg6 15.
Nh4 Kh8 16. Nhf5 Bxf5 17. Nxf5 Qd7 18. Be3 Ne7 19. Nxe7 Qxe7 20. d4 exd4 21.
cxd4 Bb4 22. Bd2 Bxd2 23. Qxd2 Rfe8 24. f3 Qd7 25. a4 c6 26. axb5 axb5 27. d5
c5 28. Bc2 Ra8 29. Bd3 Kg8 30. b4 c4 31. Bf1 Qc7 32. Kh2 Rec8 33. Ra2 Rxa2 34.
Qxa2 Re8 35. Ra1 Qb7 36. Qa6 Qxa6 37. Rxa6 Rc8 38. Rc6 Rxc6 39. dxc6 Ne8 40.
Kg3 Kf8 41. Kf4 Ke7 42. Ke3 Ke6 43. Kd4 Nc7 44. f4 f6 45. f5+ Ke7 46. g4 Na6
47. Kc3 Nc7 48. Bxc4 bxc4 49. Kxc4 Kd8 50. b5 Na8 51. Kb4 Kc7 52. Ka5 Nb6 53.
h4 d5 54. exd5 Nxd5 55. Ka6 Nb6 56. h5 Nd5 57. Ka5 Nb6 58. Kb4 Nd5+ 59. Kc5 Nb6
60. Kd4 Na8 61. Kd5 Kb6 62. Kd6 Nc7 63. Ke7 Nxb5 64. Kf7 Kxc6 65. Kxg7 Kd6 66.
Kxf6 Nc7 67. Kg6 Ne8 68. Kxh6 Ke7 69. Kg6 Kf8 70. h6 Kg8 71. f6 Nd6 72. h7+ Kh8
73. g5 Nf5 74. f7 Ng7 75. f8=Q# 1-0

[Event "Junior Online 4NCL Division 3"]
[Site "online"]
[Date "2020.04.30"]
[Round "3.52"]
[White "Wynn, Jacob"]
[Black "Stapleton, Dean"]
[Result "0-1"]
[WhiteElo "1234"]
[BlackElo "1457"]
[PlyCount "52"]
[EventDate "2020.04.30"]
[WhiteTeam "EPR Paradox"]
[BlackTeam "Robin Hoods 1"]

1. e4 e5 2. Nf3 Nc6 3. Bc4 Bc5 4. Nc3 Nf6 5. O-O Na5 6. d3 c6 7. Bg5 Be7 8. d4
Nxc4 9. Rb1 d5 10. exd5 cxd5 11. dxe5 Nh5 12. Bxe7 Qxe7 13. Qxd5 Nb6 14. Qb5+
Bd7 15. Qd3 O-O 16. Ne2 a6 17. Qb3 Bb5 18. c4 Nxc4 19. Ned4 Na5 20. Nxb5 Nxb3
21. axb3 axb5 22. Nd4 Qxe5 23. Nf3 Qf6 24. Rfe1 Nf4 25. Red1 Qg6 26. Ne5 Qxg2#
0-1

[Event "Junior Online 4NCL Division 3"]
[Site "online"]
[Date "2020.04.30"]
[Round "3.53"]
[White "Tomsett, Jonah"]
[Black "Jessop, Osian"]
[Result "1-0"]
[WhiteElo "1382"]
[BlackElo "1169"]
[PlyCount "135"]
[EventDate "2020.04.30"]
[WhiteTeam "Robin Hoods 1"]
[BlackTeam "EPR Paradox"]

1. e4 e5 2. Nf3 Nc6 3. Bc4 Bc5 4. c3 d6 5. d4 exd4 6. cxd4 Bb4+ 7. Nc3 Bxc3+ 8.
bxc3 Bg4 9. h3 Bh5 10. Bd5 Nf6 11. Bxc6+ bxc6 12. Bg5 h6 13. Bxf6 Qxf6 14. e5
dxe5 15. dxe5 Qe6 16. g4 Bg6 17. a4 Be4 18. Qe2 Bxf3 19. Qxf3 Qxe5+ 20. Qe2
Qxe2+ 21. Kxe2 O-O 22. Kf1 Rad8 23. Kg2 Rfe8 24. Rhd1 Rxd1 25. Rxd1 Re4 26. a5
Ra4 27. Rd8+ Kh7 28. Rd7 Rxa5 29. Rxf7 Rc5 30. Rxc7 Rxc3 31. Rxa7 c5 32. Rc7 c4
33. f3 Kg6 34. Kg3 Kf6 35. Rc6+ Ke5 36. Rc5+ Kd4 37. Rc8 Re3 38. Kf4 Re1 39.
Kg3 Kd3 40. Kf2 Re2+ 41. Kf1 c3 42. Rxc3+ Kd2 43. Rc7 Re1+ 44. Kg2 Ke2 45. Re7+
Kd2 46. Rxe1 Kxe1 47. Kg3 Ke2 48. h4 g6 49. h5 g5 50. f4 gxf4+ 51. Kxf4 Kf2 52.
g5 hxg5+ 53. Kxg5 Kg3 54. h6 Kf3 55. h7 Kf2 56. h8=Q Ke3 57. Qh4 Kf3 58. Qa4
Ke3 59. Kf5 Kd3 60. Ke5 Kc3 61. Kd5 Kd3 62. Qa3+ Ke2 63. Kd4 Kf2 64. Ke4 Ke2
65. Qa2+ Kd1 66. Ke3 Kc1 67. Kd3 Kd1 68. Qd2# 1-0

[Event "Junior Online 4NCL Division 3"]
[Site "online"]
[Date "2020.04.30"]
[Round "3.54"]
[White "Haddow, Dylan"]
[Black "Griffin-Young, Sebastian"]
[Result "1-0"]
[WhiteElo "803"]
[BlackElo "1420"]
[PlyCount "59"]
[EventDate "2020.04.30"]
[WhiteTeam "EPR Paradox"]
[BlackTeam "Robin Hoods 1"]

1. e4 c5 2. Nf3 d6 3. Nc3 Nf6 4. Bc4 Nc6 5. d3 g6 6. O-O Bg7 7. Ng5 O-O 8. Nd5
e6 9. Nxf6+ Qxf6 10. Qg4 e5 11. Qh4 h6 12. Bd2 hxg5 13. Bxg5 Qxg5 14. Qxg5 Nd4
15. c3 Ne6 16. Qh4 Nf4 17. Rae1 a6 18. Re3 b5 19. Bd5 Rb8 20. g3 Nh3+ 21. Kg2
a5 22. g4 Nf4+ 23. Kh1 Ba6 24. Rg1 b4 25. Rgg3 bxc3 26. Rh3 Nxh3 27. Rxh3 Rfc8
28. Qh7+ Kf8 29. Rh6 Bxh6 30. Qxf7# 1-0

[Event "Junior Online 4NCL Division 3"]
[Site "online"]
[Date "2020.04.30"]
[Round "3.55"]
[White "Postans, Harrison"]
[Black "Hurst, Joseph"]
[Result "0-1"]
[WhiteElo "1620"]
[BlackElo "1645"]
[PlyCount "84"]
[EventDate "2020.04.30"]
[WhiteTeam "EPR Paradox"]
[BlackTeam "Robin Hoods 1"]

1. e4 d5 2. exd5 Qxd5 3. Nc3 Qd6 4. Nf3 Nf6 5. d4 a6 6. Be3 Nc6 7. Bc4 Bg4 8.
Be2 g6 9. O-O Bg7 10. h3 Bf5 11. Qd2 O-O 12. Rad1 Rad8 13. Bd3 Bxd3 14. Qxd3
Nb4 15. Qd2 Nbd5 16. Nxd5 Nxd5 17. Bh6 Qb6 18. Bxg7 Kxg7 19. c4 Nf6 20. b3 c5
21. Qf4 cxd4 22. Rxd4 Qa5 23. Rfd1 Rxd4 24. Qxd4 Qxa2 25. Rd3 Qa5 26. Re3 e6
27. Ne5 Rd8 28. Qf4 Qa1+ 29. Kh2 Rd1 30. Rf3 Rh1+ 31. Kg3 Nh5+ 32. Kg4 Nxf4 33.
Kxf4 g5+ 34. Kxg5 Qxe5+ 35. Kh4 h5 36. Rg3+ Kh6 37. f3 Qf4+ 38. Rg4 hxg4 39.
fxg4 Qf2+ 40. g3 Rg1 41. g5+ Kg6 42. c5 Qxg3# 0-1

[Event "Junior Online 4NCL Division 3"]
[Site "online"]
[Date "2020.04.30"]
[Round "3.56"]
[White "Stapleton, Dean"]
[Black "Wynn, Jacob"]
[Result "1-0"]
[WhiteElo "1457"]
[BlackElo "1234"]
[PlyCount "75"]
[EventDate "2020.04.30"]
[WhiteTeam "Robin Hoods 1"]
[BlackTeam "EPR Paradox"]

1. d4 d5 2. Nc3 Nf6 3. Bf4 e6 4. e3 c5 5. dxc5 Bxc5 6. Nb5 O-O 7. Nc7 Nc6 8.
Nxa8 Bd6 9. Bxd6 Qxd6 10. Nf3 Bd7 11. Nc7 Qxc7 12. Qd2 Qb6 13. O-O-O Nb4 14.
Kb1 Qa5 15. a3 Nc6 16. Qd3 Qb6 17. Ng5 g6 18. e4 dxe4 19. Nxe4 Ne5 20. Nxf6+
Kg7 21. Qc3 Kxf6 22. Rxd7 Rd8 23. Rxd8 Qxd8 24. Bc4 Qc7 25. b3 Qc6 26. Re1 Qxg2
27. Qxe5+ Ke7 28. Bxe6 Qxf2 29. Bd5+ Kf8 30. Qe8+ Kg7 31. Bxf7 Kh6 32. Bxg6
hxg6 33. Qh8+ Kg5 34. Re5+ Kf4 35. Qf8+ Kg4 36. Qxf2 Kh3 37. Rg5 b5 38. Qg3#
1-0

[Event "Junior Online 4NCL Division 3"]
[Site "online"]
[Date "2020.04.30"]
[Round "3.57"]
[White "Jessop, Osian"]
[Black "Tomsett, Jonah"]
[Result "0-1"]
[WhiteElo "1169"]
[BlackElo "1382"]
[PlyCount "144"]
[EventDate "2020.04.30"]
[WhiteTeam "EPR Paradox"]
[BlackTeam "Robin Hoods 1"]

1. e4 e5 2. Nf3 Nc6 3. Be2 Nf6 4. Bc4 Nxe4 5. d3 Nf6 6. Ng5 d5 7. Bb3 h6 8. Nf3
e4 9. dxe4 dxe4 10. Qxd8+ Nxd8 11. Ne5 Bb4+ 12. c3 Bd6 13. Nc4 O-O 14. Nxd6
cxd6 15. Bf4 d5 16. O-O g5 17. Be5 Kg7 18. Bxd5 Re8 19. Bxf6+ Kxf6 20. Re1 Kf5
21. Nd2 Re5 22. Bxe4+ Kf6 23. Bf3 g4 24. Rxe5 Kxe5 25. Re1+ Kf6 26. Ne4+ Kg6
27. Be2 Bf5 28. Ng3 Be6 29. Bd3+ f5 30. h3 gxh3 31. gxh3 Bxa2 32. Bxf5+ Kf6 33.
Be4 Nc6 34. Nh5+ Kg5 35. Ng7 Rg8 36. Bxc6 bxc6 37. Ne8 Kf4+ 38. Kh2 Bf7 39. Nf6
Rg6 40. Nh5+ Kf3 41. Rg1 Rxg1 42. Kxg1 Bxh5 43. b4 Bf7 44. Kf1 Be6 45. h4 Ke4
46. Ke2 Bc4+ 47. Ke1 Kd3 48. f4 Kxc3 49. f5 Kxb4 50. f6 Kc5 51. Kd2 Kd6 52. Kc3
Be6 53. Kd4 c5+ 54. Ke4 a5 55. Kd3 Ke5 56. Kc3 Kxf6 57. Kb2 Kf5 58. Ka3 Kg4 59.
Ka4 Kxh4 60. Kxa5 Kg5 61. Kb5 h5 62. Kxc5 h4 63. Kd4 h3 64. Ke3 h2 65. Kf2 h1=Q
66. Ke2 Qh3 67. Kd2 Kf4 68. Kc2 Ke4 69. Kb2 Kd4 70. Kc2 Qg3 71. Kb2 Kc4 72. Kc2
Qg2+ 0-1

[Event "Junior Online 4NCL Division 3"]
[Site "online"]
[Date "2020.04.30"]
[Round "3.58"]
[White "Griffin-Young, Sebastian"]
[Black "Haddow, Dylan"]
[Result "1-0"]
[WhiteElo "1420"]
[BlackElo "803"]
[PlyCount "75"]
[EventDate "2020.04.30"]
[WhiteTeam "Robin Hoods 1"]
[BlackTeam "EPR Paradox"]

1. d4 d5 2. Bf4 Nc6 3. e3 Bf5 4. Bd3 e6 5. Nf3 Bb4+ 6. c3 Ba5 7. O-O Nf6 8. a4
O-O 9. b4 Bb6 10. a5 Ne4 11. axb6 Qf6 12. Nbd2 Qg6 13. Nh4 Qf6 14. Nxf5 exf5
15. bxc7 Ne7 16. Nxe4 fxe4 17. Bc2 Ng6 18. Bg3 Qg5 19. Ra5 b6 20. Rb5 a6 21.
Rxb6 Nh4 22. Bxh4 Qxh4 23. Qa1 Rac8 24. Qxa6 Rfe8 25. Ba4 Rf8 26. Rb7 Ra8 27.
Qc6 Qh3 28. gxh3 Rac8 29. Rb8 Rxb8 30. cxb8=Q Rxb8 31. Rb1 h5 32. Qxd5 g6 33.
Bb3 Re8 34. Qxf7+ Kh8 35. Qxe8+ Kg7 36. Ra1 g5 37. Ra6 Kh7 38. Qg8# 1-0

[Event "Junior Online 4NCL Division 3"]
[Site "online"]
[Date "2020.04.30"]
[Round "3.61"]
[White "Shaporenkov, Robert"]
[Black "Ghosh, Kabir A"]
[Result "1-0"]
[WhiteElo "1427"]
[BlackElo "1622"]
[PlyCount "69"]
[EventDate "2020.04.30"]
[WhiteTeam "St Albans Early Knights 2"]
[BlackTeam "Dulwich College Junior A"]

1. d4 f5 2. Bf4 Nf6 3. e3 e6 4. Nf3 d5 5. Bd3 Be7 6. c3 c6 7. Nbd2 O-O 8. Qc2
Nbd7 9. h4 Ne4 10. h5 Ndf6 11. Ng5 Nxg5 12. Bxg5 Ne4 13. Bf4 Bg5 14. Nxe4 dxe4
15. Bc4 Bxf4 16. exf4 Bd7 17. O-O-O h6 18. Rde1 Re8 19. f3 exf3 20. gxf3 b5 21.
Bd3 Qc7 22. b4 Qxf4+ 23. Kb1 Qxf3 24. Ref1 Qd5 25. Ka1 Qd6 26. Re1 Qc7 27. Re5
Rab8 28. Qg2 Bc8 29. Rg1 Re7 30. Qg6 Kh8 31. Rge1 Qd7 32. Bxf5 Kg8 33. Qh7+ Kf8
34. Qh8+ Kf7 35. Bg6+ 1-0

[Event "Junior Online 4NCL Division 3"]
[Site "online"]
[Date "2020.04.30"]
[Round "3.62"]
[White "Nguyen, Ryan"]
[Black "Cowan, James"]
[Result "1-0"]
[WhiteElo "1517"]
[BlackElo "1390"]
[PlyCount "127"]
[EventDate "2020.04.30"]
[WhiteTeam "Dulwich College Junior A"]
[BlackTeam "St Albans Early Knights 2"]

1. e4 c5 2. c3 d6 3. d4 Nf6 4. Bd3 Nc6 5. Nf3 a6 6. d5 Ne5 7. Nxe5 dxe5 8. O-O
e6 9. dxe6 Bxe6 10. Bc2 g6 11. Bg5 Bg7 12. f4 exf4 13. Qxd8+ Rxd8 14. e5 Rd2
15. exf6 Rxc2 16. fxg7 Rg8 17. Bxf4 Bd5 18. Rf2 Rxf2 19. Kxf2 Rxg7 20. Bh6 Rg8
21. Be3 Kd7 22. Bxc5 Kc6 23. Bd4 Re8 24. Nd2 Bc4 25. Nxc4 Kd5 26. Ne3+ Kc6 27.
Re1 Re4 28. Kf3 Re6 29. Rd1 b5 30. c4 b4 31. Nc2 a5 32. Be3 Rf6+ 33. Ke2 Kb7
34. Rd7+ Kc8 35. Rd5 Ra6 36. Rc5+ Kb7 37. Nd4 Ra8 38. Rb5+ Kc7 39. Bf4+ Kd7 40.
Rb7+ Ke8 41. Rb8+ Rxb8 42. Bxb8 Kd7 43. Bg3 Ke7 44. Ke3 Kf6 45. Ke4 a4 46. Nc6
b3 47. axb3 axb3 48. Nd4 Ke7 49. Nxb3 Kd7 50. c5 Kc6 51. Kd4 f5 52. Bd6 g5 53.
Na5+ Kd7 54. b4 f4 55. b5 f3 56. gxf3 g4 57. fxg4 h5 58. Ke5 h4 59. c6+ Kd8 60.
Nb7+ Ke8 61. c7 Kd7 62. Nc5+ Kc8 63. b6 h3 64. b7# 1-0

[Event "Junior Online 4NCL Division 3"]
[Site "online"]
[Date "2020.04.30"]
[Round "3.63"]
[White "Jain, Ekansh Rajesh"]
[Black "Avril, Aaran"]
[Result "0-1"]
[WhiteElo "1337"]
[BlackElo "1375"]
[PlyCount "44"]
[EventDate "2020.04.30"]
[WhiteTeam "St Albans Early Knights 2"]
[BlackTeam "Dulwich College Junior A"]

1. e4 e5 2. Nf3 Nc6 3. Nc3 Nf6 4. Bc4 Nxe4 5. Nxe4 d5 6. Bxd5 Qxd5 7. d3 Bg4 8.
h3 Bh5 9. c4 Qd7 10. Be3 Nd4 11. O-O Nxf3+ 12. gxf3 Qxh3 13. Ng3 f5 14. Nxh5
Qxh5 15. Re1 Qh3 16. Qa4+ c6 17. Bxa7 Bc5 18. Rxe5+ Kd7 19. Rxc5 Rhf8 20. Rd5+
Kc8 21. f4 Rf6 22. Re5 Rg6# 0-1

[Event "Junior Online 4NCL Division 3"]
[Site "online"]
[Date "2020.04.30"]
[Round "3.64"]
[White "He, Andy"]
[Black "Vayzert, Darya"]
[Result "1-0"]
[WhiteElo "1382"]
[BlackElo "1315"]
[PlyCount "59"]
[EventDate "2020.04.30"]
[WhiteTeam "Dulwich College Junior A"]
[BlackTeam "St Albans Early Knights 2"]

1. e4 c6 2. d4 d5 3. Nc3 dxe4 4. Nxe4 Nf6 5. Nxf6+ exf6 6. Nf3 Bg4 7. Be2 Bd6
8. O-O O-O 9. h3 Bxf3 10. Bxf3 Re8 11. Re1 Nd7 12. b3 Bb4 13. Re2 Rxe2 14. Qxe2
Qe8 15. Qxe8+ Rxe8 16. Bf4 Bc3 17. Rd1 Nb6 18. Kh2 Nd5 19. Bg3 Nb4 20. a3 Nxc2
21. Rc1 Nxa3 22. Rxc3 Nb5 23. Rd3 Rd8 24. d5 cxd5 25. Bxd5 b6 26. Bxf7+ Kxf7
27. Rxd8 Ke7 28. Rd3 Kf7 29. h4 h6 30. Kh3 1-0